Statistiche per Ricostruisci la Carriera del Calciatore - Adem Ljajić

Clicka qui per fare il quiz!

Statistiche generali

  • Questo quiz è stato fatto 2 volte
  • Il punteggio medio è 3 su 8

Statistiche sulle risposte

HintRisposta% Corretto
2016-2018 Torino
100%
2023 Fatih Karagümrük
50%
2008-2010 Partizan
50%
2013-2015 Roma
50%
2018-2022 Beşiktaş
0%
2010-2013 Fiorentina
0%
2015-2016 Inter
0%
2023- Novi Pazar
0%

Distribuzione punteggi

Percentile per numero di risposta

Percentuale di utenti per punteggio

I tuoi punteggi nel tempo

Non hai fatto questo quiz